Textbook of Exodontia & Local Anesthesia in Dental Practice (Record no. 24683)
[ view plain ]
| 000 -LEADER | |
|---|---|
| fixed length control field | 00434nam a22001697a 4500 |
| 003 - CONTROL NUMBER IDENTIFIER | |
| control field | SGT |
| 020 ## - INTERNATIONAL STANDARD BOOK NUMBER | |
| International Standard Book Number | 9788186809594 |
| 082 ## - DEWEY DECIMAL CLASSIFICATION NUMBER | |
| Classification number | 617.525 |
| Item number | T14B |
| 100 ## - MAIN ENTRY--PERSONAL NAME | |
| Personal name | Bali, Rishi Kumar |
| 245 ## - TITLE STATEMENT | |
| Title | Textbook of Exodontia & Local Anesthesia in Dental Practice |
| 250 ## - EDITION STATEMENT | |
| Edition statement | 2nd |
| 260 ## - PUBLICATION, DISTRIBUTION, ETC. (IMPRINT) | |
| Place of publication, distribution, etc | New Delhi, India |
| Name of publisher, distributor, etc | Arya Medi Publisher |
| Year of Publication | 2014 |
| 300 ## - PAGE DESCRIPTION | |
| No. of Pages | 432 |
| 650 ## - SUBJECT ADDED ENTRY--TOPICAL TERM | |
| Topical term or geographic name as entry element | Anesthesia |
| 653 ## - KEYWORDS--INDEX TERM | |
| Keyword term | Anesthesia; Dentistry |
| 942 ## - ADDED ENTRY ELEMENTS (KOHA) | |
| Source of classification or shelving scheme | Dewey Decimal Classification |
| Koha item type | Books |
| 942 ## - ADDED ENTRY ELEMENTS (KOHA) | |
| -- | 25 |
| Withdrawn status | Lost status | Source of classification or shelving scheme | Damaged status | Not for loan | Home library | Current library | Shelving location | Date acquired | SGTU | Bill Number | Total Checkouts | Full call number | Accession No. (Barcode) | Date last seen | Date last borrowed | Bill Date | Koha item type | Total Renewals |
|---|---|---|---|---|---|---|---|---|---|---|---|---|---|---|---|---|---|---|
| Dewey Decimal Classification | SGT Dental Library | SGT Dental Library | Reference Book | 03/08/2023 | SGTU | 16974 | 7 | 617.525 T14B | FD9018 | 22/12/2025 | 17/12/2025 | Books | ||||||
| Dewey Decimal Classification | SGT Dental Library | SGT Dental Library | Text Book | 03/08/2023 | SGTU | 16974 | 10 | 617.525 T14B | FD9019 | 24/02/2026 | 12/02/2026 | Books | ||||||
| Dewey Decimal Classification | SGT Dental Library | SGT Dental Library | Text Book | 03/08/2023 | SGTU | 16974 | 16 | 617.525 T14B | FD9020 | 21/01/2026 | 13/01/2026 | Books | 1 | |||||
| Dewey Decimal Classification | SGT Dental Library | SGT Dental Library | Text Book | 03/08/2023 | SGTU | 16974 | 11 | 617.525 T14B | FD9021 | 20/01/2026 | 19/01/2026 | Books | ||||||
| Dewey Decimal Classification | SGT Dental Library | SGT Dental Library | Text Book | 03/08/2023 | SGTU | 16974 | 5 | 617.525 T14B | FD9022 | 27/05/2026 | 13/05/2026 | Books |